Responses for Show #2140 - Friday, December 17, 1993

Contestants

[<< previous game]

Kevin Ball, a film student originally from Kansas City, Missouri

Tina Karelson, an advertising copywriter from Minneapolis, Minnesota

Neal Favret, a law student from New Orleans, Louisiana (whose 1-day cash winnings total $7,200)

[next game >>]

Jeopardy! Round responses

U.S. HISTORY
SPORTS
TRAVEL & TOURISM
THE BIBLE
AWARDS
WORD ORIGINS
    $100 14
The Wall Street Journal

Kevin
    $100 6
Babe Ruth

Tina
    $100 7
Hawaii

Neal
    $100 12
Jericho

Tina
    $100 13
the Wright Brothers

Kevin
    $100 1
hocus pocus

Neal
    $200 15
poverty

Kevin
    $200 8
MacArthur

Neal
    $200 18
London

Tina
    $200 27
Cain

Neal
    $200 22
Johnny Carson

Tina
    $200 2
an auction

Triple Stumper
    $300 16
Colorado

Triple Stumper
    $300 9
Arthur Ashe

Kevin
    $300 19
Delhi

Triple Stumper
    $300 28
Psalms

Neal
    $300 23
Francis

Kevin
    $300 3
a diva

Neal
    $400 17
Chicago

Tina
    $400 10
weightlifting

Kevin
    $400 20
(Neal: What is Manitoba?)
...
(Alex: Manitoba, of course, is another province.)

Regina

NealTina
    $400 29
Paul

Neal
    $400 24
Saudi Arabia

Tina
    $400 4
(Kevin: What is vitamin?)
(Neal: What is sustenance?)

diet

NealKevin
Triple Stumper
    $500 26
the air brake

Triple Stumper
    $500 11
the Atlanta Falcons

Neal
    $500 21
(Kevin: What is Galveston?)
(Neal: What is Ship Island?)

Padre Island

NealKevin
Triple Stumper
    $500 30
Bethany

Triple Stumper
    $500 25
Ansel Adams

Tina
    $500 5
a gimlet

Neal

Scores at the first commercial break (after clue 15):

Neal Tina Kevin
$1,300 $200 $700

Scores at the end of the Jeopardy! Round:

Neal Tina Kevin
$1,300 $2,300 $500

Double Jeopardy! Round responses

NOTABLE NAMES
THE ERIE CANAL
COINS
CLASSICAL MUSIC
SCIENCE & NATURE
BOOKS & AUTHORS
    $200 10
Marie Antoinette

Kevin
    $200 15
(Neal: What are oxen?)

mules (or horses)

NealKevin
    $200 9
a yen

Neal
    $200 17
(Johann) Strauss

Kevin
    $200 1
(Kevin: What are antennae?)

eyes

NealKevin
    $200 4
Agatha Christie

Tina
    $400 18
Dutch (Schultz)

Tina
    $400 16
Albany

Tina
    $400 11
Brutus

Tina
    $400 19
Bizet

Tina
    $400 2
cherries

Triple Stumper
    $400 5
Nabokov

Kevin
    $600 23
Henry (the Navigator)

Tina
    $600 28
tolls

Tina
    $600 12
Poland

Tina
    $600 20
(Neal: Who is Handel?)

Mozart

Neal
Triple Stumper
    $600 3
(Neal: What is aluminum?)

lithium

Neal
Triple Stumper
    $600 6
(Kevin: Who is Louis L'Amour?)

Zane Grey

NealKevin
    $800 24
Clara Barton

Kevin
    $800 29
(Neal: What is Lake Huron?)

Lake Ontario

Neal
Triple Stumper
    $800 13
a kopeck

Tina
    $800 21
(Kevin: Who is Mahler?)

Tchaikovsky

TinaKevin
    $800 26
hematite

Triple Stumper
    $800 7
(Kevin: Who is Edna Thurber?)

Edna Ferber

TinaKevin
    $1000 25
(Tina: Who is Roosevelt?)
(Alex: Be more specific.)

FDR

Tina
    $800 30
(Tina: Who is Wilson?)

Dewitt Clinton

Tina
    $1000 14
the Maori

Kevin
    $500 22
Debussy

Tina
    $1000 27
Lucy

Kevin
    $1000 8
Germaine Greer

Triple Stumper

Scores at the end of the Double Jeopardy! Round:

Neal Tina Kevin
$100 $9,000 $1,900
(lock game)

[wagering suggestions for these scores]

Final Jeopardy! Round responses

EDUCATION
NealWhat is the Amer Tea
$100
KevinWhat is The Weekly Reader?
$600
TinaWhat is the Yale newspaper?
$1,000
the Weekly Reader

Final scores:

Neal Tina Kevin
$0 $8,000 $2,500
3rd place: Polygram video selection + Wheel of Fortune & Jeopardy! games for Super Nintendo & Sega Genesis New champion: $8,000 2nd place: Broyhill living room set + Mills carpeting

Game dynamics:

Coryat scores:

Neal Tina Kevin
$100 $10,300 $1,900
12 R,
7 W
21 R
(including 2 DDs),
1 W
(including 1 DD)
13 R,
6 W

Combined Coryat: $12,300

[game clues] [game scores] [suggest correction]

Game tape date: 1993-09-13
The J! Archive is created by fans, for fans. Scraping, republication, monetization, and malicious use prohibited; this site may use cookies and collect identifying information. See terms. The Jeopardy! game show and all elements thereof, including but not limited to copyright and trademark thereto, are the property of Jeopardy Productions, Inc. and are protected under law. This website is not affiliated with, sponsored by, or operated by Jeopardy Productions, Inc. Join the discussion at JBoard.tv.